| 000 | 00413pab a2200145 454500 | ||
|---|---|---|---|
| 008 | 180718b1983 xxu||||| |||| 00| 0 eng d | ||
| 100 | _aSingh, Lal Sahah | ||
| 245 | _aChanging role of cooperative banks in rural development and the role of the executives | ||
| 260 | _c1983 | ||
| 300 | _a43-50 | ||
| 362 | _aJan.-Mar. | ||
| 650 | _aCooperative Banks - India | ||
| 773 | _aCooperative Perspective | ||
| 909 | _a6679 | ||
| 999 |
_c6679 _d6679 |
||